Inovácie stručne a prakticky

Salvato in:
Dettagli Bibliografici
Autore principale: Košturiak, Ján
Altri autori: Chaľ, Ján
Natura: Libro
Lingua:slovacco
Pubblicazione: Žilina IPA Slovakia [2014]
Soggetti:
Tags: Aggiungi Tag
Nessun Tag, puoi essere il primo ad aggiungerne!!

MARC

LEADER 00000nlm a2200000 4500
001 0188817
005 20240507103256.5
041 0 |a slo 
044 |a SK 
245 1 0 |a Inovácie  |b stručne a prakticky  |c Ján Košturiak, Ján Chaľ 
264 1 |a Žilina  |b IPA Slovakia  |c [2014] 
300 |a CD-ROM [64 s.] 
610 2 0 |a inovácia 
610 2 0 |a inovácia výrobkov 
610 2 0 |a kreativita 
610 2 0 |a plán podnikateľský 
610 2 0 |a stratégia podnikateľská 
610 2 0 |a benchmarking 
610 2 0 |a analýza swot 
610 2 0 |a zákazníci 
100 1 |a Košturiak, Ján 
700 1 |a Chaľ, Ján